Arrêts de la ligne C2 de Lyon (TCL) - Statistiques

Statistiques générales
  • Ce quiz a été pris 45 fois
  • Le résultat moyen est 13 sur 24
Statistiques - réponses
Arrondissement Arrêt % Correct
Lyon 6e Brotteaux
77%
Villeurbanne Le Tonkin
77%
Rillieux-la-Pape Rillieux Semailles
77%
Lyon 3e Gare Part-Dieu Vivier Merle
73%
Caluire-et-Cuire Montée des Soldats
70%
Villeurbanne Charpennes Charles Hernu
67%
Caluire-et-Cuire Caluire Place Foch
60%
Lyon 6e Part-Dieu Jules Favre
60%
Rillieux-la-Pape Michelet
57%
Rillieux-la-Pape Piscine Loup Pendu
57%
Villeurbanne Rossellini
57%
Caluire-et-Cuire Caluire Chemin Petit
53%
Caluire-et-Cuire Lycée Cuzin
53%
Rillieux-la-Pape L'Échappée
47%
Caluire-et-Cuire Saint-Clair - Square Brosset
47%
Villeurbanne Cité Internationale - Transbordeur
43%
Rillieux-la-Pape Rillieux Les Alagniers
43%
Rillieux-la-Pape George Sand
40%
Caluire-et-Cuire Leclerc - Drevet
40%
Caluire-et-Cuire Leclerc - Thimonnier
40%
Rillieux-la-Pape Les Verchères
40%
Rillieux-la-Pape Companet
37%
Villeurbanne Parc Tête d'Or - Stalingrad
37%
Rillieux-la-Pape PERICA - Mercières
33%
Aucun quiz correspondant
Distribution des résultats
% des personnes avec chaque résultat
Percentile par nombre de réponses
Votre historique - résultats
Vous n’avez pas pris ce quiz